ARRUPE JESUIT UNIVERSITY

CORONAVIRUS -STOP THE SPREAD - CLEAN,DISINFECT,COVER

Grasping reality : (Record no. 123254)

MARC details
000 -LEADER
fixed length control field 01084cam a22003137a 4500
001 - CONTROL NUMBER
control field 13399415
003 - CONTROL NUMBER IDENTIFIER
control field ARRUPE
005 - DATE AND TIME OF LATEST TRANSACTION
control field 20150907121844.0
008 - FIXED-LENGTH DATA ELEMENTS--GENERAL INFORMATION
fixed length control field 030826s2003 njua b 001 0 eng d
010 ## - LIBRARY OF CONGRESS CONTROL NUMBER
LC control number 2003278463
020 ## - INTERNATIONAL STANDARD BOOK NUMBER
International Standard Book Number 9812380248
035 ## - SYSTEM CONTROL NUMBER
System control number (OCoLC)ocm52913867
040 ## - CATALOGING SOURCE
Original cataloging agency TJC
Transcribing agency TJC
Modifying agency DLC
042 ## - AUTHENTICATION CODE
Authentication code lccopycat
050 00 - LIBRARY OF CONGRESS CALL NUMBER
Classification number Q175.32.K45
Item number L45 2003
082 00 - DEWEY DECIMAL CLASSIFICATION NUMBER
Classification number 121
Edition number 22
300 ## - PHYSICAL DESCRIPTION
Other physical details ill. ;
Dimensions 24 cm.
100 1# - MAIN ENTRY--PERSONAL NAME
Personal name Lenk, Hans.
9 (RLIN) 19366
245 10 - TITLE STATEMENT
Title Grasping reality :
Remainder of title an interpretation-realistic epistemology /
Statement of responsibility, etc Hans Lenk.
260 ## - PUBLICATION, DISTRIBUTION, ETC. (IMPRINT)
Place of publication, distribution, etc River Edge, N.J. :
Name of publisher, distributor, etc World Scientific,
Date of publication, distribution, etc c2003.
300 ## - PHYSICAL DESCRIPTION
Extent xii, 266 p. :
440 #0 - SERIES STATEMENT/ADDED ENTRY--TITLE
Title Series on the foundations of natural science and technology ;
Volume number/sequential designation v. 5
9 (RLIN) 19367
504 ## - BIBLIOGRAPHY, ETC. NOTE
Bibliography, etc Includes bibliographical references (p. 241-254) and indexes.
650 #0 - SUBJECT ADDED ENTRY--TOPICAL TERM
Topical term or geographic name as entry element Knowledge, Theory of.
9 (RLIN) 19368
650 #0 - SUBJECT ADDED ENTRY--TOPICAL TERM
Topical term or geographic name as entry element Realism.
9 (RLIN) 11315
650 #0 - SUBJECT ADDED ENTRY--TOPICAL TERM
Topical term or geographic name as entry element Science
General subdivision Philosophy.
9 (RLIN) 19369
906 ## - LOCAL DATA ELEMENT F, LDF (RLIN)
a 7
b cbc
c copycat
d 3
e ncip
f 20
g y-gencatlg
942 ## - ADDED ENTRY ELEMENTS (KOHA)
Source of classification or shelving scheme Library of Congress Classification
Koha item type Monograph ( Printed materials)
Holdings
Withdrawn status Lost status Source of classification or shelving scheme Damaged status Not for loan Collection code Home library Current library Shelving location Date acquired Total Checkouts Full call number Barcode Checked out Date last seen Date checked out Price effective from Koha item type
    Library of Congress Classification     Main Collection ARRUPE LIBRARY ARRUPE LIBRARY Main Collection 07/09/2015 4 Q175.32.K45 2003 46500003988 26/05/2026 12/05/2026 12/05/2026 07/09/2015 Monograph ( Printed materials)

 

Arrupe Library. PO Box MP320 Mt Pleasant, Harare, Zimbabwe
263 242 745411|librarian@aju.ac.zw